Pevnosť Európa

S integráciou štátov do EÚ dochádza k postupnej racionalizácii ich obranného priemyslu a k vytváraniu jednotnej bezpečnostnej politiky. K prehĺbeniu spolupráce a k vytváraniu štátnych podnikov dochádza aj na úrovni najväčších spoločností v zbrojárskom priemysle. Na poli EÚ už nie je ďalší priestor k...

Ausführliche Beschreibung

Gespeichert in:
Bibliographische Detailangaben
1. Verfasser: Kováč, Matej
Format: Buchkapitel
Sprache:Slowakisch
Schlagworte:
Tags: Tag hinzufügen
Keine Tags, Fügen Sie das erste Tag hinzu!

MARC

LEADER 00000naa$a2200000$$$4500
001 0022117
005 20221207121941.6
041 0 |a slo 
044 |a SK 
245 1 0 |a Pevnosť Európa  |c Matej Kováč 
520 |a S integráciou štátov do EÚ dochádza k postupnej racionalizácii ich obranného priemyslu a k vytváraniu jednotnej bezpečnostnej politiky. K prehĺbeniu spolupráce a k vytváraniu štátnych podnikov dochádza aj na úrovni najväčších spoločností v zbrojárskom priemysle. Na poli EÚ už nie je ďalší priestor k spájaniu spoločností v tomto odvetví a k ďalšej spolupráci dôjde už len na transatlantickej báze. EÚ smeruje na poli bezpečnostnej politiky skôr k harmonizácii ako k unifikácii. Neschopnosť USA zapojiť sa do tohto procesu harmonizácie v EÚ. 
610 2 0 |a Európska únia 
610 2 0 |a politika bezpečnostná 
610 2 0 |a bezpečnosť 
610 2 0 |a priemysel zbrojársky 
610 2 0 |a USA 
100 1 |a Kováč, Matej